00382 a2200109 4500001001000000005001700010008004100027245003600068100002300104773012800127999001700255ART_2312520260410161929.0260409a 10aLa doctrina moral de Adam Smith1 aLetizia, Francisco0 tRevista de la Facultad de Ciencias Económicas de la Universidad de Cuyog- Año XXXIV, Nº 86 (jul./dic. 1982)wREV22981 c28396d28396